ON TENTATIVE ESTIMATES OF NORMAL EVAPOTRANSPIRATION FROM AGRICULTURAL FIELDS DURING FROST-FREE PERIOD

Bibliographic Details
Main Author: Shumova, N. (Author)
Format: Article
Language:English
ISBN:8085754053

MARC

LEADER 00000naa a2200000uu 4500
001 vtls011085023
003 SK-MaSNL
005 20260302105112.0
008 210905|1996 xo |||||||||||||||||eng|
015 |a SNBRA 
035 |a (urnnbn)urn:nbn:sk:snk:ar-a0clop 
035 |a (uuid)d906c03c-d086-424b-8c99-cd4509f7c79d 
035 |a urn:nbn:sk:snk-aavrkp 
040 |a SNKBUCL  |b slo  |c SNKBUCL  |e AACR2 
041 0 |a eng 
044 |a xo  |c SK 
100 1 |a Shumova, N.  |4 aut  |9 783254 
245 1 0 |a ON TENTATIVE ESTIMATES OF NORMAL EVAPOTRANSPIRATION FROM AGRICULTURAL FIELDS DURING FROST-FREE PERIOD  |c N. Shumova 
773 0 |t Meteorological processes in the boundary layer of the atmosphere  |d Bratislava : Geophysical Institute of the Slovak Academy of Sciences, 1996  |g S. 173-178  |z 8085754053 
958 |a OND 
958 |a article12 
958 |a chapter 
999 |c 1237387  |d 1239317